Quiz sur les Tennisman - Statistiques

Statistiques générales
  • Ce quiz a été pris 168 fois
  • Le résultat moyen est 13 sur 16
Statistiques - réponses
Par images Réponse % Correct
Djokovic
100%
Nadal
100%
Alcaraz
99%
Federer
99%
Monfils
98%
Sinner
96%
Medvedev
92%
Zverev
89%
Rune
82%
Ruud
79%
Rublev
74%
Humbert
72%
Fritz
67%
Dimitrov
63%
Bublik
61%
De Minaur
61%
Aucun quiz correspondant
Distribution des résultats
% des personnes avec chaque résultat
Percentile par nombre de réponses
Votre historique - résultats
Vous n’avez pas pris ce quiz